000 00864nam a22002657a 4500
001 BR7603910
003 BR-BrBNA
005 20230928085042.0
007 ta
008 230509b bl.||||| |||| 00| 0 por d
040 _aBR-BrBNA
_bpor
_cBiblioteca Nacional de Agricultura
041 _a(Por)
072 _aE70
_b3575
_b/G514
090 _ 3575 BR7603910
110 1 _aCompanhia Agropecuaria de Fomento Economico do Parana, Curitiba (Brasil)
_92271
245 1 _aRelatorio setor comercial [Companhia Agropecuaria de Fomento Economico do Parana, Brasil]
260 3 _aCuritiba, PR (Brasil):
_c1976.
300 _a400 p.
500 _a(*) Documento disponível no(a) Biblioteca Estadual da Agricultura, Curitiba, PR (Brazil)
650 _aCOMERCIALIZACAO
650 _aSEMENTE
650 _aPARANA
909 _a202309
_bLucia
_c55
_dLucia Elande
942 _cBK
999 _c22571
_d22571